[Event "Marianske Lazne GM 2013"]
[Site "Marianske Lazne CZE"]
[Date "2013.01.21"]
[Round "4.5"]
[White "Chernyshov,K"]
[Black "Pisk,P"]
[Result "1/2-1/2"]
[WhiteElo "2530"]
[BlackElo "2389"]

1.e4 c5 2.Nf3 d6 3.Bb5+ Bd7 4.a4 Nf6 5.e5 dxe5 6.Nxe5 a6 7.Bxd7+ Nbxd7 8.Nxd7 Qxd7
9.d3 e6 10.Nd2 Bd6 11.Nc4 Bc7 12.a5 Qd5 13.O-O O-O 14.Bd2 e5 15.Bc3 Nd7 16.Ne3 Qe6
17.Qf3 Rab8 18.Rfe1 f5 19.Ra4 Rf7  1/2-1/2

[Event "5th Chennai Open 2013"]
[Site "Chennai IND"]
[Date "2013.01.22"]
[Round "10"]
[White "Niraj,S"]
[Black "Shetty,R"]
[Result "0-1"]
[WhiteElo "1994"]
[BlackElo "2248"]

1.e4 c5 2.Nf3 d6 3.Bb5+ Nd7 4.d4 Nf6 5.O-O a6 6.Bxd7+ Nxd7 7.Re1 cxd4 8.Qxd4 e6
9.c4 Qc7 10.Nc3 b6 11.Be3 Bb7 12.Rac1 Rc8 13.b3 Nc5 14.Bg5 f6 15.Bh4 Be7
16.Qe3 Kf7 17.Nd4 Rhe8 18.Qh3 Bf8 19.b4 Nd7 20.Nb1 b5 21.Nd2 Ne5 22.f4 Nxc4
23.Nxc4 bxc4 24.f5 exf5 25.Qxf5 Kg8 26.Ne6 Qf7 27.Nd4 c3 28.a3 Rc4 29.Bf2 Re5
30.Qh3 Bxe4 31.Rxc3 Bxg2 32.Kxg2 Qd5+ 33.Qf3 Rxc3 34.Qxd5+ Rxd5 35.a4 Rc4
36.b5 Rcxd4 37.Bxd4 Rxd4 38.Rb1 axb5 39.axb5 d5 40.b6 Rb4  0-1

[Event "Marianske Lazne Open 2013"]
[Site "Marianske Lazne CZE"]
[Date "2013.01.22"]
[Round "4.9"]
[White "Vlasak,Lu"]
[Black "Sedlacek,Ji"]
[Result "1/2-1/2"]
[WhiteElo "2326"]
[BlackElo "2009"]

1.e4 c5 2.Nf3 d6 3.Bb5+ Bd7 4.Bxd7+ Qxd7 5.O-O Nc6 6.c3 Nf6 7.Re1 e6 8.d4 cxd4
9.Nxd4 Be7 10.Bg5 h6 11.Bh4 a6 12.Nd2 Nxd4 13.cxd4 Rc8 14.Qb3 O-O 15.Rad1 Qc7
16.Nf1 b5 17.f3 Rfe8 18.Ne3 Nd7 19.Bxe7 Rxe7 20.a4 Qb6 21.axb5 axb5 22.Qb4 Ree8
23.Kh1 Ra8 24.d5 e5 25.Nf5 Nc5 26.Qd2 Qd8 27.Qe2 Qd7 28.Qe3 Ra4 29.Rc1 Rc8
30.h3 Kh7 31.Kh2 Qd8 32.Rc2 Rc4 33.Rec1 Rxc2 34.Rxc2 b4 35.b3 Qd7 36.Rc4 Qd8
37.Rxb4 Rb8 38.Rxb8 Qxb8 39.b4 Na6 40.b5 Nc5 41.h4 Qb6 42.h5 Qb8 43.Qd2 Qb6
44.g3 Nd7 45.Kg2 Qc5 46.Qf2 Qb4 47.Qa7 Qb2+ 48.Qf2 Qb4 49.Qe2 Nf6 50.g4 Ne8
51.Ne7 Nc7 52.Qc2 Qxb5 53.Nc8 Qa6 54.Qxc7  1/2-1/2

[Event "Dvorkovich Mem 2013"]
[Site "Taganrog RUS"]
[Date "2013.01.22"]
[Round "8.3"]
[White "Bukavshin,I"]
[Black "Sjugirov,S"]
[Result "1/2-1/2"]
[WhiteElo "2510"]
[BlackElo "2643"]

1.e4 c5 2.Nf3 d6 3.Bb5+ Bd7 4.Bxd7+ Qxd7 5.O-O Nf6 6.Re1 Nc6 7.c3 e6 8.d4 cxd4
9.cxd4 d5 10.e5 Ne4 11.Nbd2 Nxd2 12.Bxd2 Be7 13.Rc1 O-O 14.Rc3 Rac8 15.h4 Nb8
16.Rd3 Qc7 17.Rc3 Qd7 18.Rd3 Qc7 19.Rc3 Qd7  1/2-1/2

[Event "Asian Zone 3.3"]
[Site "Tagaytay City PHI"]
[Date "2013.01.22"]
[Round "1.8"]
[White "Yu,Manny"]
[Black "Paragua,M"]
[Result "0-1"]
[WhiteElo "2274"]
[BlackElo "2519"]

1.e4 c5 2.Nf3 d6 3.Bb5+ Nd7 4.d4 cxd4 5.Qxd4 a6 6.Bxd7+ Bxd7 7.Bg5 h6 8.Bh4 Rc8
9.O-O Nf6 10.Bxf6 gxf6 11.Nc3 e6 12.a4 Be7 13.Nd2 Qc7 14.Rfe1 O-O 15.Ne2 Qc5
16.c4 Qxd4 17.Nxd4 f5 18.exf5 Bf6 19.N2f3 e5 20.Ne2 Bxf5 21.Red1 Rfd8 22.Rac1 Be6
23.Nd2 Bg5 24.f4 exf4 25.Nd4 f3 26.Nxe6 fxe6 27.gxf3 d5 28.Rb1 Bxd2 29.Rxd2 Rxc4
30.b4 Rdc8 31.Kf2 Kf7 32.a5 Kf6 33.Re2 Rc1 34.Rbb2 Rh1 35.Kg2 Ra1 36.Kf2 Rcc1
37.b5 Rab1 38.b6 Rxb2 39.Rxb2 d4 40.Ke2 Ke5 41.Kf2 Kd5 42.Ra2 e5 43.Ke2 Kc4
44.Kd2 Kb3  0-1

[Event "5th Chennai Open 2013"]
[Site "Chennai IND"]
[Date "2013.01.23"]
[Round "11"]
[White "Prasanna,Ra"]
[Black "Lokesh,P"]
[Result "1-0"]
[WhiteElo "2419"]
[BlackElo "2198"]

1.e4 c5 2.Nf3 d6 3.Bb5+ Bd7 4.Bxd7+ Qxd7 5.O-O Nc6 6.Qe2 Nf6 7.Rd1 e6 8.d4 cxd4
9.Nxd4 Be7 10.b3 O-O 11.Bb2 Nxd4 12.Rxd4 Qc6 13.Rc4 Qd7 14.Rd4 Qc6 15.Nc3 Rfd8
16.Rad1 Rac8 17.R1d2 a6 18.h3 b5 19.a4 Rb8 20.e5 Nd7 21.axb5 axb5 22.exd6 Bf6
23.R4d3 Nc5 24.Rg3 Kh8 25.Rf3 b4 26.Na4 Bxb2 27.Nxb2 f6 28.Nc4 e5 29.Re3 Ne6
30.Qf3 Qa6 31.Qg4 Nd4 32.Rxd4 exd4 33.Qxd4 Qb7 34.Qg4 Re8 35.Rd3 Rbd8 36.Ne3 Rd7
37.Rd4 Qc6 38.Nc4 Rdd8 39.Qf4 Rd7 40.Qf5 Rdd8 41.Rh4 h6 42.Rd4 Qa8 43.Qf4 Qb7
44.Ne3 Qc6 45.Qg3 Qc3 46.Qf4 Re5 47.Rd3 Qc5 48.Nc4 Ree8 49.Qd2 Qg5 50.Ne3 Qc5
51.Qd1 Re4 52.Rd5 Qc3 53.Kh2 Rd7 54.Qf3 Re6 55.Qf4 Qc6 56.Rd4 Rexd6 57.Rc4 Qb6
58.Rxb4 Qc7 59.c4 g5 60.Qg3 h5 61.Kg1 h4 62.Qf3 Ra6 63.Ra4 Rxa4 64.Qxf6+ Kh7
65.Qf5+ Kh8 66.bxa4 Qd8 67.Qe5+ Kh7 68.Nd5 Ra7 69.Qe4+ Kh6 70.c5 Rd7 71.Ne3 Rc7
72.c6 Qf6 73.Ng4+  1-0

[Event "11th Gibraltar Masters"]
[Site "Caleta ENG"]
[Date "2013.01.27"]
[Round "6.53"]
[White "Zygouris,H"]
[Black "Georgiadis,N"]
[Result "1/2-1/2"]
[WhiteElo "2218"]
[BlackElo "2369"]

1.e4 c5 2.Nf3 d6 3.Bb5+ Nd7 4.d4 cxd4 5.Qxd4 a6 6.Bxd7+ Bxd7 7.O-O e5 8.Qd3 h6
9.c4 b5 10.Na3 Qb8 11.b3 Nf6 12.Bb2 b4 13.Nc2 Bc6 14.Nd2 Nd7 15.f4 Be7 16.Qg3 Bf6
17.fxe5 dxe5 18.Kh1 Qd6 19.Rad1 O-O 20.Nd4 Kh7 21.Nxc6 Qxc6 22.Nf3 Rfe8 23.Qg4 Nf8
24.Rd5 Ng6 25.h4 Qe6 26.Qxe6 Rxe6 27.g3 Ne7 28.Rd7 Kg8 29.Rfd1 Nc6 30.R1d5 a5
31.R7d6 a4 32.Rxe6 fxe6 33.Rb5 axb3 34.axb3 Ra5 35.Kg1 Kf7 36.Kf1 Ra2 37.Bxe5 Bxe5
38.Nxe5+ Nxe5 39.Rxe5 Rb2 40.Rb5 Rxb3  1/2-1/2

[Event "TCh-CZE Div1 Zapad 2012-13"]
[Site "Czech Republic CZE"]
[Date "2013.01.27"]
[Round "6.1"]
[White "Vlasak,Lu"]
[Black "Bernasek,J"]
[Result "1/2-1/2"]
[WhiteElo "2330"]
[BlackElo "2506"]

1.e4 c5 2.Nf3 d6 3.Bb5+ Nd7 4.O-O a6 5.Bxd7+ Bxd7 6.d4 cxd4 7.Qxd4 Rc8 8.Nc3 e5
9.Qb4 b5 10.Qb3 Be6 11.Nd5 Nf6 12.Bg5 Bxd5 13.exd5 Be7 14.a4 O-O 15.axb5 axb5
16.c3 Qd7 17.Rfd1 Ra8 18.h3 h6 19.Be3 Rfc8 20.Ne1 Ne4 21.Nd3 Bg5 22.Bxg5 hxg5
23.Nb4 Nc5 24.Qc2 Nb7 25.Qd2 f6 26.Qe2 Nd8 27.Qe3 Qb7 28.Qd3 Qd7 29.Qe3 Qe7
30.Qe2 Qb7 31.Qh5 Qf7 32.Qe2 Qb7 33.Qh5 Qd7 34.Qe2 g6 35.Qf1 Qb7 36.Rxa8 Rxa8
37.Ra1 Rxa1 38.Qxa1 Kf7 39.Qa6 Ke7 40.Nc6+ Kd7 41.Qxb7+ Nxb7 42.b4 Kc7 43.g4 Nd8
44.Ne7 Nf7 45.Nxg6 Nh6 46.Nf8 Ng8 47.Ng6 f5 48.gxf5 Nf6 49.Nf8 Nxd5 50.Ne6+  1/2-1/2

[Event "11th Gibraltar Masters"]
[Site "Caleta ENG"]
[Date "2013.01.28"]
[Round "7.61"]
[White "Urbina Perez,J"]
[Black "Vojinovic,J"]
[Result "0-1"]
[WhiteElo "2214"]
[BlackElo "2359"]

1.e4 c5 2.Nf3 d6 3.Bb5+ Bd7 4.Bxd7+ Qxd7 5.c4 Nf6 6.Nc3 Nc6 7.d4 cxd4 8.Nxd4 e6
9.O-O Be7 10.Be3 O-O 11.Qe2 b6 12.Rac1 Rfd8 13.Rfd1 a6 14.f3 Qb7 15.b3 Rac8
16.a4 Nd7 17.Rb1 Nb4 18.Rd2 Nb8 19.Nc2 Bf6 20.Bd4 Bxd4+ 21.Nxd4 Qc7 22.Rbd1 Qc5
23.Qf2 h6 24.Nc2 Nxc2 25.Qxc5 bxc5 26.Rxc2 Kf8 27.f4 Nc6 28.Rcd2 Ke7 29.e5 dxe5
30.Rxd8 Rxd8 31.Rxd8 Kxd8 32.Ne4 exf4 33.Nxc5 a5 34.Kf2 Kc7 35.h4 Kd6 36.Nd3 e5
37.h5 f5 38.Kf1 e4 39.Nxf4 Nd4 40.Nd5 Nxb3 41.g3 Nd2+ 42.Ke2 Nxc4  0-1

[Event "Asian Zone 3.3"]
[Site "Tagaytay City PHI"]
[Date "2013.01.28"]
[Round "8.10"]
[White "Yu,Manny"]
[Black "Nolte,R"]
[Result "1/2-1/2"]
[WhiteElo "2274"]
[BlackElo "2460"]

1.e4 c5 2.Nf3 d6 3.Bb5+ Nd7 4.d4 Nf6 5.Nc3 cxd4 6.Qxd4 a6 7.Bxd7+ Bxd7 8.Bg5 Rc8
9.O-O Bc6 10.Rfe1 Nd7 11.a4 h6 12.Be3 e5 13.Qd3 Be7 14.Nd5 Bxd5 15.Qxd5 Qc7
16.Nd2 O-O 17.c4 Nf6 18.Qd3 Ng4 19.b3 Nxe3 20.Rxe3 Bg5 21.Ree1 Bxd2 22.Qxd2 Qb6
23.Qe3 Qb4 24.a5 Rfd8 25.Red1 Qc5 26.Qxc5 Rxc5 27.f3 Kf8 28.Kf2 Ke7 29.Ke3 g6
30.Rd5 Rdc8 31.Ra4 R8c7 32.Rb4 R5c6  1/2-1/2

[Event "11th Gibraltar Masters"]
[Site "Caleta ENG"]
[Date "2013.01.30"]
[Round "9.30"]
[White "Sanchez Ibern,M"]
[Black "Paehtz,E"]
[Result "0-1"]
[WhiteElo "2356"]
[BlackElo "2482"]

1.e4 c5 2.Nf3 d6 3.Bb5+ Nd7 4.d4 Nf6 5.Nc3 cxd4 6.Qxd4 e5 7.Qd3 h6 8.b3 a6
9.Bxd7+ Bxd7 10.a4 Be7 11.Nd2 Be6 12.Nd5 Nxd5 13.exd5 Bd7 14.Nc4 b5 15.axb5 axb5
16.Rxa8 Qxa8 17.Ne3 O-O 18.c4 f5 19.O-O f4 20.Nd1 bxc4 21.bxc4 Qa6 22.Nb2 Bd8
23.Bd2 Bb6 24.Bb4 Bd4 25.Bc3 Bc5 26.Rc1 Qa7 27.Nd1 Bf5 28.Qd2 Qa4 29.Qb2 Bg4
30.Qd2 Qb3 31.h3 Bh5 32.Nb2 Ra8 33.Nd3 Ba3 34.Ra1 Rc8 35.Bb4 Bxb4 36.Nxb4 Rxc4
37.Nc6 Rc5 38.Kh2 Kh7 39.Ne7 Bf7 40.Ra7 Qb1 41.Qa2 Qe1  0-1

[Event "11th Gibraltar Masters"]
[Site "Caleta ENG"]
[Date "2013.01.30"]
[Round "9.26"]
[White "Milliet,S"]
[Black "Al Sayed,Mohamad"]
[Result "0-1"]
[WhiteElo "2403"]
[BlackElo "2507"]

1.e4 c5 2.Nf3 d6 3.Bb5+ Nc6 4.O-O Bd7 5.Re1 Nf6 6.c3 a6 7.Bxc6 Bxc6 8.d4 Bxe4
9.Bg5 Bd5 10.c4 Bxf3 11.Qxf3 cxd4 12.Qxb7 Qc8 13.Qf3 e5 14.Nd2 Nd7 15.c5 dxc5
16.Nc4 f6 17.Bd2 Rb8 18.Ba5 Qb7 19.Qg3 Qd5 20.Rac1 Kf7 21.Qd3 Re8 22.Qb3 Kg8
23.Qa4 Re6 24.b4 cxb4 25.Nd2 Nc5  0-1

[Event "11th Gibraltar Masters"]
[Site "Caleta ENG"]
[Date "2013.01.30"]
[Round "9.20"]
[White "Trent,L"]
[Black "Sutovsky,E"]
[Result "0-1"]
[WhiteElo "2429"]
[BlackElo "2684"]

1.e4 c5 2.Nf3 d6 3.Bb5+ Nd7 4.O-O a6 5.Bd3 Ne5 6.Nxe5 dxe5 7.a4 Nf6 8.Re1 b6
9.Na3 Bb7 10.Nc4 Nd7 11.b3 e6 12.Bb2 Qg5 13.Re3 g6 14.Rg3 Qf6 15.Qe2 g5 16.Qh5 Be7
17.Rf1 Qg6 18.Qe2 f6 19.h4 h6 20.f4 exf4 21.e5 f5 22.Nd6+ Bxd6 23.exd6 Rg8
24.Rxf4 gxf4 25.Rxg6 Rxg6 26.Qh5 Nf8 27.Bf1 O-O-O 28.Be5 Rg4 29.Qf7 Nd7 30.Qxe6 f3
31.Qxf5 f2+ 32.Qxf2 Rf8 33.Qe3 Re4 34.Qxh6 Rxe5 35.Bc4 Re1+ 36.Kh2 Rf2 37.Qh8+ Nf8
38.Kg3 Rxg2+ 39.Kf4 Rf2+ 40.Kg4 Rg1+ 41.Kh3 Kd7 42.Bd3 Ne6 43.Qh7+ Rg7  0-1

[Event "ch-TUR 2013"]
[Site "Antalya TUR"]
[Date "2013.02.02"]
[Round "1.52"]
[White "Atas,R"]
[Black "Erencek,E"]
[Result "0-1"]
[WhiteElo "1606"]
[BlackElo "1987"]

1.e4 c5 2.Nf3 d6 3.Bb5+ Bd7 4.Bxd7+ Qxd7 5.d4 cxd4 6.Nxd4 g6 7.O-O Bg7 8.Nc3 Nf6
9.Re1 O-O 10.h3 Nc6 11.Be3 Rfd8 12.Nxc6 Qxc6 13.Qd3 e6 14.f3 d5 15.e5 Nd7
16.Bd4 a6 17.Nd1 Rdc8 18.Rc1 Bh6 19.Ne3 Bf4 20.Ng4 Qc4 21.Rcd1 Qxc2 22.Re2 Qxd3
23.Rxd3 h5 24.Nf6+ Nxf6 25.exf6 Bg3 26.Rd1 Rc6 27.Bf2 h4 28.Bxg3 hxg3 29.Kf1 Rac8
30.Ke1 Kh7 31.f4 Rc2 32.Rd3 Rxe2+ 33.Kxe2 Rc2+ 34.Kf3 Rxb2 35.Ra3 Kh6 36.Kxg3 g5
37.fxg5+ Kxg5 38.Rf3 Rxa2 39.h4+ Kg6 40.Kh3 b5 41.h5+ Kxh5 42.Rg3 Rf2 43.Rg8 Rxf6
44.g4+ Kh6 45.Ra8 e5 46.Kh4 Rb6 47.g5+ Kg7 48.Kh5 b4 49.Kg4 b3  0-1

[Event "ch-TUR 2013"]
[Site "Antalya TUR"]
[Date "2013.02.02"]
[Round "1.69"]
[White "Zor,Alber Kadir"]
[Black "Kurdas,Halil Ibrahim"]
[Result "1-0"]
[WhiteElo "1920"]
[BlackElo "1554"]

1.e4 c5 2.Nf3 d6 3.Bb5+ Bd7 4.Bxd7+ Qxd7 5.O-O Nf6 6.Re1 Nc6 7.c3 Rc8 8.d4 cxd4
9.cxd4 g6 10.Nc3 Bg7 11.e5 Nh5 12.exd6 Qxd6 13.d5 Nb8 14.Bg5 f6 15.Re6 Qd7
16.Bd2 Bf8 17.Qe2 Ng7 18.Rxf6 Nf5 19.Ne5 Qc7 20.Rxf5 a6 21.Re1 h5 22.Nxg6 Qd7
23.Qe6 Qxe6 24.Rxe6 Rg8 25.Bg5 Rc7 26.Bf4 Rc8 27.Bxb8 Rxb8 28.Rxf8+ Rxf8
29.Nxf8 Kxf8 30.a3 Rc8 31.h4 Rc4 32.g3  1-0

[Event "TCh-AUT 2 East 2012-13"]
[Site "Austria AUT"]
[Date "2013.02.02"]
[Round "6.5"]
[White "Hangweyrer,M"]
[Black "Bachofner,C"]
[Result "1/2-1/2"]
[WhiteElo "2367"]
[BlackElo "2082"]

1.e4 c5 2.Nf3 d6 3.Bb5+ Bd7 4.Bxd7+ Qxd7 5.O-O Nc6 6.c4 Nf6 7.Nc3 e6 8.d4 cxd4
9.Nxd4 Be7 10.b3 O-O 11.Bb2 a6 12.a4 Qc7 13.Rb1 Rfd8 14.Nc2 Rac8 15.Ne3 Qb6
16.Ba1 Nb4 17.Qe2 Bf8 18.Rfd1 Qc5 19.h3 Qg5 20.Qf3 Nc6 21.g3 h5 22.Kg2 Ne5
23.Qf4 Qg6 24.Bb2 Be7 25.h4 Qh7 26.Nf1 Nfd7 27.Ba3 Nc5 28.f3 g5 29.hxg5 Qg6
30.Qe3 Bxg5 31.f4 Ng4 32.Qf3 Bf6 33.f5 Qg7 34.Ne2 Ne5 35.Qxh5 Nxe4 36.fxe6 fxe6
37.Nf4 Qf7 38.Re1 Ng5 39.Rbd1 Rc6 40.Ne3 Qxh5 41.Nxh5 Be7 42.Bb2 Rb6 43.Bxe5 dxe5
44.Rxd8+ Bxd8 45.Rd1 Be7 46.Rb1 Rd6 47.Rd1 Rb6 48.Rd7 Kf8 49.Ng4 Rxb3 50.Nxe5 Rb2+
51.Kf1 Rb1+ 52.Ke2 Rb2+ 53.Kd3 Ke8 54.Rc7 Kd8 55.Rd7+ Ke8 56.g4 Rb3+ 57.Ke2 Rb2+
58.Kd1 Rb1+ 59.Kc2 Rb4 60.Kc3 Rb1 61.a5 Re1 62.Ng7+ Kf8 63.Ng6+ Kxg7 64.Nxe7 Ne4+
65.Kc2 Re2+ 66.Kc1 Re1+ 67.Kc2 Re2+ 68.Kd1 Nc3+ 69.Kc1 Na2+  1/2-1/2

[Event "FSFMA February 2013"]
[Site "Budapest HUN"]
[Date "2013.02.02"]
[Round "1.3"]
[White "Mayer,I"]
[Black "Krstulovic,Alex"]
[Result "0-1"]
[WhiteElo "2038"]
[BlackElo "1887"]

1.e4 c5 2.Nf3 d6 3.Bb5+ Bd7 4.a4 a6 5.Bc4 e6 6.O-O Nf6 7.e5 dxe5 8.Nxe5 Qc7
9.Nxd7 Nbxd7 10.f4 Bd6 11.d3 O-O 12.Nc3 Nb6 13.Bb3 Rad8 14.Qf3 c4 15.Ba2 Bc5+
16.Kh1 cxd3 17.cxd3 Bd4 18.Ne2 Bc5 19.f5 exf5 20.a5 Nbd5 21.Bg5 Ng4 22.g3 Ne7
23.Rfc1 Rxd3  0-1

[Event "ch-TUR 2013"]
[Site "Antalya TUR"]
[Date "2013.02.03"]
[Round "2.94"]
[White "Sahin,Huseyin"]
[Black "Kurtoglu,Umit"]
[Result "1-0"]
[WhiteElo "1835"]
[BlackElo "1404"]

1.e4 c5 2.Nf3 d6 3.Bb5+ Bd7 4.Bxd7+ Nxd7 5.O-O Ngf6 6.Re1 e5 7.c3 Be7 8.d4 O-O
9.Bg5 Qc7 10.Na3 Rad8 11.Qd3 a6 12.Nc4 b5 13.Ne3 c4 14.Qc2 Nb6 15.Nf5 g6
16.Nxe7+ Qxe7 17.d5 Rc8 18.h3 Na4 19.Nh2 Nc5 20.Ng4 Ncd7 21.Re3 Kg7 22.Rf3 Kg8
23.Nxf6+ Nxf6 24.Bxf6 Qd7 25.Qd2  1-0

[Event "ch-TUR 2013"]
[Site "Antalya TUR"]
[Date "2013.02.03"]
[Round "3.8"]
[White "Okus,M"]
[Black "Dastan,B"]
[Result "0-1"]
[WhiteElo "2000"]
[BlackElo "2390"]

1.e4 c5 2.Nf3 d6 3.Bb5+ Nd7 4.O-O a6 5.Bxd7+ Bxd7 6.d4 cxd4 7.Nxd4 Nf6 8.Nc3 e5
9.Nb3 h6 10.f3 Qb6+ 11.Kh1 Be7 12.Qe2 Rc8 13.Be3 Qc6 14.Qf2 Bd8 15.a4 O-O
16.Rfd1 Be6 17.Rd2 Bc7 18.Rad1 Rfd8 19.Qh4 d5 20.Bxh6 d4 21.Bxg7 Kxg7 22.Qg5+ Kh7
23.Qxf6 Bxb3 24.Qf5+ Qg6 25.Qh3+ Qh6 26.Qf5+ Kg7 27.cxb3 dxc3 28.Qg4+ Qg6
29.Qxg6+ Kxg6 30.bxc3 Rxd2 31.Rxd2 Ba5 32.Rd6+ f6 33.c4 Rc7 34.Kg1 Bb4 35.Rd5 Bc5+
36.Kf1 Bd4 37.Ke2 Rh7 38.h3 Kg5 39.Rd6 a5 40.Kd3 b6 41.f4+ Kxf4 42.Rxf6+ Kg3
43.Rg6+ Kf2 44.Rg4 Bc5 45.Rg5 Rd7+ 46.Kc2 Ke2 47.Rxe5 Rd2+ 48.Kb1 Kd3 49.Rd5+ Bd4
50.g4 Rd1+  0-1

[Event "TCh-AUT 2 East 2012-13"]
[Site "Austria AUT"]
[Date "2013.02.03"]
[Round "7.6"]
[White "Hangweyrer,M"]
[Black "Lipp,A"]
[Result "1-0"]
[WhiteElo "2367"]
[BlackElo "2132"]

1.Nf3 c5 2.e4 d6 3.Bb5+ Bd7 4.c4 a6 5.Bxd7+ Qxd7 6.O-O Nc6 7.d4 cxd4 8.Nxd4 g6
9.Nc3 Bg7 10.Be3 Nf6 11.f3 O-O 12.a4 Rfc8 13.b3 Qd8 14.Rb1 Nd7 15.Nde2 Rab8
16.Qd2 Qa5 17.Rfd1 Qb4 18.Qc2 Nc5 19.Nd5 Qa5 20.b4 Qxa4 21.Qxa4 Nxa4 22.b5 Kf8
23.bxc6 bxc6 24.Nb6 Nxb6 25.Bxb6 c5 26.Ba5 Ke8 27.Nc3 Bd4+ 28.Kf1 e6 29.Ne2 Kd7
30.Rxb8 Rxb8 31.Nxd4 cxd4 32.Rxd4 Kc6 33.Ke2 h5 34.Rd2 Rb3 35.Ra2 Kc5 36.Bd2 Kb6
37.Be3+ Kb7 38.Bd4 f5 39.Rb2 Rxb2+ 40.Bxb2 Kc6 41.Kd3 d5 42.cxd5+ exd5 43.exf5 gxf5
44.Kd4 Kd6 45.Bc3 Ke6 46.Bb4 f4 47.Bd2 h4 48.Bxf4 a5 49.Bc1 a4 50.g3  1-0

[Event "Imperial College Open"]
[Site "London ENG"]
[Date "2013.02.03"]
[Round "5"]
[White "James,Angus S"]
[Black "Prior,Stephen C V"]
[Result "0-1"]
[WhiteElo "1918"]
[BlackElo "2000"]

1.e4 c5 2.Nf3 d6 3.Bb5+ Nd7 4.c3 Nf6 5.Qe2 a6 6.Ba4 b5 7.Bc2 Bb7 8.d4 e6
9.O-O Be7 10.Re1 O-O 11.Nbd2 Rc8 12.e5 Ne8 13.Ne4 cxd4 14.exd6 Bxd6 15.Nxd4 Be7
16.Qh5 Bxe4 17.Bxe4 Ndf6 18.Qf3 Nxe4 19.Qxe4 Nf6 20.Qf3 Nd5 21.Be3 Bf6 22.Rad1 Nxe3
23.Rxe3 Bxd4 24.cxd4 Rc2 25.Rb3 Qd6 26.g3 Rfc8 27.Kg2 Rd8 28.Rc3 Rxc3 29.bxc3 h6
30.h4 Qa3 31.Rd2 Rc8 32.Rc2 Qa4 33.Qd3 Rc4 34.Kf3 Qa5 35.Ke3 Ra4 36.Qd2 Qd8
37.Qd3 Qf6 38.Qe4 Qd8 39.Qd3 Rc4 40.Kd2  0-1

[Event "Moscow Open A 2013"]
[Site "Moscow RUS"]
[Date "2013.02.03"]
[Round "2.11"]
[White "Glek,I"]
[Black "Smirnov,P"]
[Result "1-0"]
[WhiteElo "2431"]
[BlackElo "2618"]

1.Nf3 c5 2.e4 d6 3.Bb5+ Nd7 4.d4 cxd4 5.Qxd4 a6 6.Bxd7+ Bxd7 7.O-O Rc8 8.c4 e5
9.Qd3 b5 10.Na3 Qb6 11.Rd1 Qb7 12.Bg5 h6 13.Bh4 g5 14.Bg3 Nf6 15.Nd2 Be7
16.Rac1 O-O 17.f3 Nh5 18.Nf1 Nf4 19.Qd2 b4 20.Nc2 b3 21.axb3 Qxb3 22.Nce3 Be6
23.Rc3 Qb4 24.Qc2 Bd8 25.Bf2 Rb8 26.Rd2 Ba5 27.Ra3 Qb6 28.Nf5 Qc7 29.Rxa5 Qxa5
30.Ne7+ Kh7 31.Nc6 Qa1 32.Nxb8 Rxb8 33.Be3 Qa2 34.c5 dxc5 35.Qxc5 Ng6 36.Qc1 Rb3
37.Rc2 a5 38.Qd2 a4 39.Bc5 Nf4 40.g3 Rd3 41.Qc1 Nh3+ 42.Kg2 g4 43.fxg4 Ng5
44.h4 Bb3 45.Rf2 Rd1 46.Qe3 Ne6 47.Rxf7+ Kg8 48.Rf2 Qb1 49.Qf3 Rd7 50.Nd2 Qxb2
51.Nc4 Qa1 52.Nb6 Rg7 53.Nd5 Qd1 54.Qf8+ Nxf8 55.Rxf8+ Kh7 56.Nf6+ Kg6 57.h5+ Kg5
58.Be3+  1-0

[Event "Moscow Open B 2013"]
[Site "Moscow RUS"]
[Date "2013.02.03"]
[Round "2.5"]
[White "Yakupova,A"]
[Black "Manakova,M"]
[Result "1-0"]
[WhiteElo "2102"]
[BlackElo "2347"]

1.e4 c5 2.Nf3 d6 3.Bb5+ Nd7 4.O-O a6 5.Bxd7+ Bxd7 6.d4 cxd4 7.Qxd4 Bc6 8.c4 Nf6
9.Nc3 g6 10.Nd5 Bg7 11.Bg5 Bxd5 12.exd5 O-O 13.Qh4 b5 14.b3 bxc4 15.bxc4 Qc7
16.Rac1 Rab8 17.Nd4 Rb2 18.Nc6 Rxa2 19.Rfe1 Re8 20.Re3 h6 21.Bxf6 Bxf6 22.Qxh6 Qb6
23.Qf4 Qb2 24.Rf1 Qd2 25.h4 Kg7 26.g4 Bxh4 27.g5 Rh8 28.Nxe7 Qb2 29.Re2 Qxe2
30.Qf6+ Kf8 31.Nxg6+ Ke8 32.Qxh8+ Kd7 33.Nxh4 Qxc4 34.Qh5 Qxd5 35.Qg4+ Qe6
36.Qxe6+ Kxe6 37.Kg2 d5 38.Re1+ Kd6 39.Nf5+ Kc5 40.Rc1+ Kb6 41.Nd6 Re2 42.Nxf7 Re7
43.Nh6 d4 44.f4 d3 45.f5 Rg7 46.g6 a5 47.Kf3 a4 48.Ke3 Rd7 49.f6 d2 50.Rd1 a3
51.g7  1-0

[Event "Asian Zonal 3.2 2013"]
[Site "Thulhiriya City PHI"]
[Date "2013.02.03"]
[Round "2.12"]
[White "Fonseka,C"]
[Black "Jayasundara,P"]
[Result "0-1"]
[WhiteElo "1920"]
[BlackElo "2097"]

1.e4 c5 2.Nf3 d6 3.Bb5+ Nd7 4.O-O a6 5.Bxd7+ Bxd7 6.c3 Bc6 7.Re1 e6 8.d4 cxd4
9.cxd4 d5 10.e5 Ne7 11.Nbd2 Bd7 12.Nf1 Nc6 13.Ng3 Qb6 14.Be3 O-O-O 15.a3 Kb8
16.b4 Be7 17.Nd2 f5 18.f4 Na7 19.Nb3 Ba4 20.Qd3 Bxb3 21.Qxb3 Rc8 22.Ne2 Rc4
23.Rab1 Rhc8 24.Qd3 Qb5 25.Rb3 Rc2 26.Qd1 Qc4 27.Qd3 Nb5 28.Bf2 Qxd3 29.Rxd3 Ra2
30.Nc1 Rxa3 31.Rxa3 Nxa3 32.Nd3 Nc2 33.Rc1 Rc4 34.Nc5 Bxc5 35.bxc5 Rb4 36.Rd1 a5
37.g3 a4 38.Rd2 Rb1+ 39.Kg2 Nb4 40.Re2 a3 41.Be1 Rxe1 42.Rxe1 Nc2 43.Rc1 a2  0-1

[Event "ch-TUR 2013"]
[Site "Antalya TUR"]
[Date "2013.02.04"]
[Round "4.40"]
[White "Deviren,E"]
[Black "Arayici,Ozkal"]
[Result "1-0"]
[WhiteElo "1956"]
[BlackElo "1785"]

1.e4 c5 2.Nf3 d6 3.Bb5+ Bd7 4.Bxd7+ Qxd7 5.c4 Nc6 6.d4 cxd4 7.Nxd4 Nf6 8.Nc3 g6
9.h3 Bg7 10.Be3 O-O 11.O-O Rac8 12.b3 a6 13.a4 e6 14.Rc1 Rfd8 15.Qf3 Ne8
16.Rfd1 Nxd4 17.Bxd4 Bxd4 18.Rxd4 Qc7 19.Rcd1 Qb6 20.Nb1 e5 21.R4d3 Kg7 22.h4 Nc7
23.Nc3 Rd7 24.h5 Ne6 25.Nd5 Qd8 26.Nf6 Ng5 27.h6+ Kh8 28.Qg4 Qxf6 29.Qxd7 Rd8
30.Qxd8+ Qxd8 31.Rxd6 Qf8 32.Rd8 Kg8 33.Rxf8+ Kxf8 34.Rd7 Nxe4 35.Rxb7 Nc5
36.Rb8+ Ke7 37.b4 Nxa4 38.Rh8 Nb2 39.c5 Nd3 40.Rxh7 a5 41.bxa5 Nxc5 42.Rh8  1-0

[Event "ch-TUR 2013"]
[Site "Antalya TUR"]
[Date "2013.02.04"]
[Round "4.74"]
[White "Gok,Ozan Berkay"]
[Black "Duzgun,M"]
[Result "0-1"]
[WhiteElo "1761"]
[BlackElo "1965"]

1.e4 c5 2.Nf3 d6 3.Bb5+ Bd7 4.Bxd7+ Qxd7 5.O-O Nc6 6.Re1 Nf6 7.c3 e6 8.d4 cxd4
9.cxd4 d5 10.e5 Ne4 11.Nbd2 Nxd2 12.Bxd2 Be7 13.a3 O-O 14.Bc3 Rfc8 15.Qb3 Rab8
16.a4 b6 17.Qb5 Qb7 18.Qd3 a6 19.Qd2 b5 20.axb5 axb5 21.Qf4 b4 22.Bd2 Qb6
23.b3 Na5 24.Rab1 Rc2 25.Qe3 Rbc8 26.Qd3 R2c7 27.h3 Nc6 28.Ra1 Ra7 29.Rxa7 Nxa7
30.Ra1 Nb5 31.Rc1 Rxc1+ 32.Bxc1 Qa5 33.Qc2 Nc3 34.Bd2 Qa1+ 35.Kh2 f6 36.Bc1 Bf8
37.Qb2 Qxb2 38.Bxb2 Nd1 39.Bc1 Nxf2 40.Bd2 Ne4 41.Be3 Kf7 42.Kg1 Be7 43.Kf1 Bd8
44.Ke2 Bc7 45.Bf4 g5 46.Bh2 f5 47.Nd2 Nxd2 48.Kxd2 f4 49.g3 fxg3 50.Bxg3 h5
51.h4 g4 52.Ke3 Bd8 53.Kf4 Kg6 54.Be1 Be7 55.Bg3 Bf8 56.Be1 Bh6+ 57.Kg3 Be3
58.Bxb4 Bxd4 59.Bd6 Kf5  0-1

[Event "ch-TUR 2013"]
[Site "Antalya TUR"]
[Date "2013.02.04"]
[Round "4.96"]
[White "Yazici,Ugur Doga"]
[Black "Menzi,N"]
[Result "0-1"]
[WhiteElo "1586"]
[BlackElo "1872"]

1.e4 c5 2.Nf3 d6 3.Bb5+ Nc6 4.O-O Bd7 5.Re1 a6 6.Bf1 Bg4 7.d3 Nf6 8.Nbd2 e6
9.g3 Be7 10.Bg2 h6 11.h3 Bh5 12.g4 Bg6 13.Nf1 Rc8 14.Ng3 O-O 15.a4 b5 16.Bd2 d5
17.axb5 axb5 18.exd5 Nxd5 19.Qe2 Qc7 20.c4 bxc4 21.dxc4 Nf4 22.Bxf4 Qxf4
23.b3 Rfd8 24.Qe3 Qxe3 25.Rxe3 Nd4 26.Ra7 Bf6 27.Nxd4 cxd4 28.Re1 Bc2 29.Ne4 d3
30.c5 d2 31.Nxd2 Rxd2 32.b4 Bd4 33.Rc1 Rxf2 34.Kh1 Be3 35.Rca1 Kh7 36.R1a2 Rd8
37.Rxc2 Rd1+  0-1

[Event "35th Georgi Tringov Open"]
[Site "Plovdiv BUL"]
[Date "2013.02.04"]
[Round "2.7"]
[White "Pelitov,D"]
[Black "Nevednichy,V"]
[Result "0-1"]
[WhiteElo "2112"]
[BlackElo "2542"]

1.e4 c5 2.Nf3 d6 3.Bb5+ Nd7 4.a4 e5 5.Nc3 Nf6 6.d3 h6 7.O-O g6 8.Nd2 Bg7
9.a5 O-O 10.Nc4 Nb8 11.f4  0-1

[Event "ch-TUR 2013"]
[Site "Antalya TUR"]
[Date "2013.02.05"]
[Round "6.64"]
[White "Sahin,Huseyin"]
[Black "Hatiboglu,Mehmet Can"]
[Result "1/2-1/2"]
[WhiteElo "1835"]
[BlackElo "1688"]

1.e4 c5 2.Nf3 d6 3.Bb5+ Bd7 4.Bxd7+ Qxd7 5.O-O Nc6 6.c3 g6 7.d4 cxd4 8.cxd4 Bg7
9.Nc3 Nf6 10.Bg5 h6 11.Bh4 Nh7 12.Qd2 g5 13.Bg3 g4 14.d5 gxf3 15.dxc6 bxc6
16.gxf3 Ng5 17.Qe3 c5 18.f4 Bd4 19.Qe2 Nh3+ 20.Kh1 h5 21.Nb5 h4 22.Nxd4 cxd4
23.Rad1 hxg3 24.fxg3 e5 25.Qf3 Rc8 26.fxe5 Rc2 27.Qf6 Rh7 28.exd6 Rxh2+ 29.Kxh2 Ng5+
30.Kg1 Rh1+ 31.Kxh1 Qh3+ 32.Kg1 Qxg3+ 33.Kh1  1/2-1/2

[Event "ch-TUR 2013"]
[Site "Antalya TUR"]
[Date "2013.02.05"]
[Round "6.17"]
[White "Deviren,E"]
[Black "Yelken,Mustafa"]
[Result "0-1"]
[WhiteElo "1956"]
[BlackElo "2130"]

1.e4 c5 2.Nf3 d6 3.Bb5+ Bd7 4.Bxd7+ Nxd7 5.c4 Ngf6 6.Nc3 e6 7.d4 cxd4 8.Nxd4 Be7
9.O-O O-O 10.b3 a6 11.Bb2 Qc7 12.Qe2 Rfe8 13.Rfe1 Rac8 14.Rad1 Nb8 15.f4 Rcd8
16.Rd3 Nc6 17.Nc2 Nd7 18.Red1 Nf8 19.Kh1 Ng6 20.g3 Nf8 21.Ba3 Rd7 22.Qd2 Red8
23.Qe2 h6 24.Qh5 Ng6 25.Ne3 Bf6 26.Ng4 Bxc3 27.Rxc3 d5 28.cxd5 exd5 29.e5 d4
30.Rcd3 Qa5 31.b4 Qd5+ 32.Kg1 Qxa2 33.R1d2 Qc4 34.Kf2 Qb5 35.Rd1 Kh7 36.Kg1 Qd5
37.h4 b5 38.Qf5 Ne7 39.Qh5 Qe6 40.Nf2 Qc6 41.Bc1 Nd5 42.Ba3 Ne3  0-1